Hacia una conciencia pluricultural de la ética /
Trabajo sobre la relación entre conciencia y cultura y entre conciencia y libertad, que plantea la necesidad de encontrar una ética que posibilite relaciones humanas justas, en un marco de respeto y equidad de la diversidad cultural.
Đã lưu trong:
| Tác giả chính: | |
|---|---|
| Định dạng: | Sách |
| Ngôn ngữ: | Tiếng Tây Ban Nha |
| Được phát hành: |
Guadalajara, México : México :
ITESO ; Universidad Iberoamericana,
1999, c1999
|
| Loạt: | (Cuadernos de Fe y Cultura ; Realidad Social, Política, Económica y Cultural)
12. |
| Những chủ đề: | |
| Các nhãn: |
Không có thẻ, Là người đầu tiên thẻ bản ghi này!
|
MARC
| LEADER | 00000nam^a2200000^u^4500 | ||
|---|---|---|---|
| 001 | 000521404 | ||
| 005 | 20250521000000.0 | ||
| 008 | 120507s1000^^^^^^^^^^^^r^^^^^000^0^spa^d | ||
| 009 | 20260310130520.752 | ||
| 020 | |a 968-859-376-1 | ||
| 035 | |a FCE 000065645 | ||
| 037 | |a Acervo ITESO - Biblioteca | ||
| 041 | |a ESP | ||
| 082 | 0 | 4 | |a 291.563 |b BALh |
| 100 | |a Balam, Benito |e (autor) | ||
| 245 | 1 | 0 | |a Hacia una conciencia pluricultural de la ética / |c B. Balam. |
| 264 | 4 | |a Guadalajara, México : |b ITESO ; |a México : |b Universidad Iberoamericana, |c 1999, c1999 | |
| 300 | |a 56 p. | ||
| 336 | |a texto |b txt |2 rdacontenido | ||
| 337 | |a sin mediación |b n |2 rdamedio | ||
| 338 | |a volumen |b nc |2 rdasoporte | ||
| 440 | 1 | |a (Cuadernos de Fe y Cultura ; |v 12. |p Realidad Social, Política, Económica y Cultural) | |
| 520 | |a Trabajo sobre la relación entre conciencia y cultura y entre conciencia y libertad, que plantea la necesidad de encontrar una ética que posibilite relaciones humanas justas, en un marco de respeto y equidad de la diversidad cultural. | ||
| 649 | |a XX | ||
| 650 | |a Libertad Religiosa | ||
| 650 | |a Pluralismo Religioso | ||
| 650 | |a Diversidad Cultural | ||
| 650 | |a Etica y Religión | ||
| 650 | |a Etica Cristiana - |x Tema Principal | ||
| 650 | |a Etica Social - |x Tema Principal | ||
| 650 | |a Etica - |x Tema Principal | ||
| 650 | |a Filosofía y Religión | ||
| 650 | |a Religión | ||
| 910 | |a Fondo Centro de Estudios Educativos | ||
| 920 | |a Impresos - Libros | ||
| 930 | |a Fondos Especiales | ||
| 905 | |a 133 | ||
| 901 | |a ALE071720 |b IT2 |c CEE |u 20250521 | ||
| 902 | |a https://opac.biblio.iteso.mx/vufind/Record/000521404 | ||